000 00615nam a2200205 i 4500
001 106686
003 ES-MaACL
005 20250714063624.0
007 t|
008 061215s1962 fr ||||1| fre d
080 _a1 Pascal, Blaise
245 0 0 _aTricentenaire de la mort de Pascal.
260 _aParis :
_bLa Table Ronde,
_c1962.
300 _a159 p. ;
_c23 cm.
500 _aBiblioteca Jacinto Martínez Lacalle.
500 _aNº 171 de abril de 1962 de la Revista: La Table Ronde.
600 1 4 _aPascal, Blaise,
_d1623-1662
_989307
852 _aES-MaACL
_jE-11443
_bR.139066
999 _c106686
_d106686